Statistics for Rock and Roll by Letter H

Click here to take the quiz!

General Stats

  • This quiz has been taken 90 times
  • The average score is 8 of 15

Answer Stats

HintAnswer% Correct
You'd probably shout out the name of this Beatles song if you were drowningHelp
95%
Youngest of the BeatlesGeorge Harrison
94%
This electric guitar God played last at WoodstockJimi Hendrix
85%
Band started by two sistersHeart
74%
ZZ Top formed in 1969 in this U.S. cityHouston
72%
He was lost on the "Day the Music Died"Buddy Holly
71%
"The Boys of Summer" won a grammy for this rock starDon Henley
59%
This song by Nazareth is a hangover cure!Hair of the Dog
47%
Responded to an advertisement by Lars and started Metallica in 1981James Hetfield
45%
Two cymbals operated by a foot pedalHigh Hat
44%
Theme from Shaft written and recorded by this manIsaac Hayes
44%
Song by Plain White T'sHey There Delilah
31%
The Chili Peppers had a hit with this Stevie Wonder coverHigher Ground
31%
Paul McCartney plays this "violin" brand of base guitarHofner
18%
"Walk Idiot Walk" was a hit for this Swedish bandThe Hives
5%

Score Distribution

Percentile by Number Answered

Percent of People with Each Score

Your Score History

You have not taken this quiz